Logo BPK

Biblioteka

Politechniki Koszalińskiej

Nitowanie konstrukcji ze stopów lekkich / (Rekord nr 10545)

Szczegóły MARC
000 -ETYKIETA REKORDU
podpole kontrolne o stałej długości 00466nam a2200169 i 4500
001 - NUMER KONTROLNY REKORDU
pole kontrolne bg
040 ## - ŹRÓDŁO KATALOGOWANIA
Instytucja, która utworzyła rekord BPK
041 ## - KOD JĘZYKA
Kod języka tekstu pol
080 ## - UNIWERSALNA KLASYFIKACJA DZIESIĘTNA - UKD
UKD 621.97
008 - POLE O STAŁEJ DŁUGOŚCI - DANE KONTROLNE
podpole kontrolne o stałej długości s pl f |000 0 pol
100 1# - NAZWA OSOBOWA
Nazwa osobowa Grigo~7rev, Vasilij Prohovič.
245 ## - TYTUŁ/ODPOWIEDZIALNOŚĆ
Tytuł Nitowanie konstrukcji ze stopów lekkich /
Pozostałe elementy strefy tytułu i oznaczenia odpowiedzialności W. Grigoriew, P. Gołdowski
260 ## - STREFA ADRESU WYDAWNICZEGO
Miejsce wydania Warszawa :
Nazwa wydawcy/dystrybutora MON,
Data publikacji, dystrybucji/powstania dokumentu 1957
300 ## - STREFA OPISU FIZYCZNEGO
Objętość s. 315 :
Inne cechy fizyczne liustr., tabl
700 ## - HASŁO DODATKOWE - NAZWA OSOBOWA
Nazwa osobowa Goldowskij, Pavel Borisovič.
856 ## - LOKALIZACJA I DOSTĘP DO ELEKTRONICZNYCH DOKUMENTÓW ZDALNYCH
Link (URL) http://koha.tu.koszalin.pl/cgi-bin/koha/opac-detail.pl?biblionumber=10545
Tekst linku Katalog online BPK
942 ## - DODATKOWE ELEMENTY (KOHA)
Typ dokumentu Książka
Egzemplarze
Wycofany Status egzemplarza Uszkodzony Dostępność Lokalizacja stała Lokalizacja bieżąca Miejsce przechowywania Sygnatura Kod kreskowy Ostatnio wypożyczono Typ dokumentu
      Dostępny Biblioteka Politechniki Koszalińskiej Biblioteka Politechniki Koszalińskiej Wypożyczalnia BG P 763 01479072 08.06.2013 Książka
© 2023 Biblioteka Politechniki Koszalińskiej :: KOHA